Country Quiz: Poland 🇵🇱 - Statistics

General Stats
  • This quiz has been taken 60 times
    51 since last reset
  • The average score is 29 of 45
Answer Stats
Hint Answer % Correct
Language and Nationality Polish
100%
Capital Warsaw
97%
Germany
95%
In 1939, these two countries invaded Poland, one from east - The other from West; and these invasions would culminate in the beginning of WWII (1939-45) Nazi Germany
95%
Soviet Union
95%
National Sport Football
92%
Czech Republic
89%
Second-Largest City Kraków
89%
Between 1559-1795, Poland and this country merged together to form a commonwealth Lithuania
89%
Lithuania
89%
Russia
89%
Between 1945-89, Poland was ruled by this ideology Communism
87%
Bordering Seas Baltic sea
84%
Bordering Countries Belarus
84%
John Paul II / Karol Wojtyla
84%
National Animal White-Tailed Eagle
84%
Time zones 1
82%
Home to the main concentration camp during the holocaust (1940-45) Auschwitz
82%
Famous People from the country1. Only person to receive a Nobel prize in both chemistry and physics 2. Served as the Pope between 1978-2005 3. Historical composer (Etudes and Nocturnes) 4. Football player for Barcelona (striker) 5. Historical poet (the beginning, nothing twice: selected poems) 6. World-renowned and controversial film director Marie Curie
82%
Slovakia
79%
Currency Zloty
79%
Main Religion Christianity
76%
Robert Lewandowski
76%
Ukraine
76%
Frédéric Chopin
74%
Member of this Western military alliance NATO
66%
Main River Vistula
66%
Roman Polanski
63%
Most famous leader (1990-95) Lech Wałęsa
58%
Member of this Western fiscal and political alliance European Union
55%
Modern independence 1918
53%
Leader who was killed in an aircraft crash whilst on route to a ceremony in Russia Lech Kaczyński
50%
Between 1955-91, Poland was part of this Soviet-equivalent of NATO Warsaw Pact
50%
Additional language that's widely spoken Silesian
45%
National Dish Bigos stew
42%
Between 1981-83, Poland was ruled by _______ law Martial Law
42%
State-Condition Republic
42%
Top-10 producer of this non-renewable resource Coal
34%
Climate Temperate
29%
Duke Mieszko I
26%
Wisława Szymborska
24%
Main Economic Sector Tertiary / Service
18%
Founding Father Jozef Pilsudski
13%
Home to the world's largest castle by land area Malbork Castle
8%
Home to Europe’s oldest restaurant, situated in Wroclaw's square and has been operating since 1273 Piwnica Świdnicka
0%
No matching quizzes found
Score Distribution
Percent of People with Each Score
Percentile by Number Answered
Your Score History
You have not taken this quiz since the last reset